U.S. Presidents With the Rarest Last Names - Statistics

General Stats
  • This quiz has been taken 370 times
  • The average score is 7 of 10
Answer Stats
# U.S. President % Correct
159 Obama
91%
3,886 Trump
83%
1,003 Roosevelt
73%
159 Biden
68%
1,073 Eisenhower
67%
5,874 Van Buren
66%
2,958 Coolidge
62%
4,457 Fillmore
56%
5,521 Truman
50%
4,447 Garfield
43%
No matching quizzes found
Score Distribution
Percent of People with Each Score
Percentile by Number Answered
Your Score History
You have not taken this quiz